| Tag |
First Indicator |
Second Indicator |
Subfields |
| LEADER |
00000cam a22000004a 4500 |
| 001 |
in00001826621 |
| 005 |
20151026053249.0 |
| 008 |
030609s2004 nyua 001 0 eng |
| 010 |
|
|
|a 2003012940
|
| 015 |
|
|
|a GBA3-V0439
|
| 020 |
|
|
|a 007141035X (pbk. : alk. paper)
|
| 035 |
|
|
|a (OCoLC)ocm52418190
|
| 040 |
|
|
|a DLC
|c DLC
|d YDX
|d UKM
|d TXA
|d UtOrBLW
|
| 042 |
|
|
|a pcc
|
| 043 |
|
|
|a n-us---
|
| 049 |
|
|
|a TXAM
|
| 050 |
0 |
0 |
|a HG4910
|b .T54 2004
|
| 082 |
0 |
0 |
|a 332.6
|2 21
|
| 100 |
1 |
|
|a Tigue, Joseph.
|
| 245 |
1 |
4 |
|a The Standard & Poor's guide to long-term investing /
|c Joseph R. Tigue.
|
| 246 |
3 |
|
|a Standard and Poor's guide to long-term investing
|
| 246 |
3 |
0 |
|a Long-term investing
|
| 264 |
|
1 |
|a New York :
|b McGraw-Hill,
|c [2004]
|
| 264 |
|
4 |
|c ©2004
|
| 300 |
|
|
|a xv, 159 pages :
|b illustrations ;
|c 24 cm.
|
| 336 |
|
|
|a text
|b txt
|2 rdacontent
|
| 337 |
|
|
|a unmediated
|b n
|2 rdamedia
|
| 338 |
|
|
|a volume
|b nc
|2 rdacarrier
|
| 500 |
|
|
|a Includes index.
|
| 650 |
|
0 |
|a Investments
|z United States.
|
| 650 |
|
0 |
|a Portfolio management
|z United States.
|
| 650 |
|
0 |
|a Investment analysis.
|
| 856 |
4 |
1 |
|3 Table of contents
|u http://www.loc.gov/catdir/toc/ecip045/2003012940.html
|t 0
|
| 994 |
|
|
|a E0
|b TXA
|
| 948 |
|
|
|a cataloged
|b h
|c 2004/3/31
|d c
|e bwalker
|f 1:47:45 pm
|
| 999 |
|
|
|a MARS
|
| 999 |
f |
f |
|s 485179a6-3106-3a61-a4c2-23faff2d99a0
|i 12d8a856-dfc6-3832-bab5-ee05968d780c
|t 0
|
| 952 |
f |
f |
|p ric
|a Texas A&M University
|b Rellis Campus
|c Joint Library Facility
|d Remote Storage
|t 0
|e HG4910 .T54 2004
|h Library of Congress classification
|i unmediated -- volume
|m A14831117510
|
| 998 |
f |
f |
|a HG4910 .T54 2004
|t 0
|l Remote Storage
|